2. Bundesliga 2025/26 - Statistiken

Allgemein
  • Dieses Quiz wurde 108 mal gespielt
  • Das Durchschnittsergebnis liegt bei 15 aus 18
Antwortstatistiken
Antwort % Korrekt
FC Schalke 04
97%
Hohlstein Kiel
95%
Dynamo Dresden
93%
1. FC Nürnberg
92%
Hannover 96
91%
SpVgg Greuther Fürth
91%
SV Elversberg
89%
Fortuna Düsseldorf
88%
1. FC Magdeburg
86%
Hertha BSC
86%
Eintracht Braunschweig
84%
SV Darmstadt 98
84%
SC Paderborn 07
82%
1. FC Kaiserslautern
80%
Arminia Bielefeld
80%
VfL Bochum
78%
Karlsruher SC
76%
SC Preußen Münster
76%
Keine übereinstimmenden Quizze gefunden
Verteilung der Resultate
Anzahl Personen mit jedem Resultat
Perzentil nach korrekt beantworteten Fragen
Ihre Resultats-Entwicklung
Sie haben dieses Quiz noch nicht gespielt